Phoebe Bridgers - I Know The End lyrics - Statistics

General Stats
  • This quiz has been taken 2,502 times
  • The average score is 256 of 328
Answer Stats
Hint Answer % Correct
I
99%
A
97%
The
97%
Chorus So
96%
An
95%
In
95%
My
95%
And
94%
It
94%
Of
94%
Go
93%
Know
93%
No
93%
Place
93%
Some
93%
But
92%
I'm
92%
Me
92%
To
92%
This
91%
Can't
90%
Hate
90%
Man
90%
Texas
90%
Germany
89%
Home
89%
Part
89%
When
89%
End
88%
Not
88%
Verse 1 Somewhere
88%
There
88%
You
88%
Around
87%
Down
87%
Here
85%
Like
85%
Out
85%
Clicks
84%
Close
84%
On
84%
Three
84%
With
84%
Back
83%
Eyes
83%
Up
83%
We
83%
Fantasize
82%
I'll
81%
Quiet
80%
Room
80%
There's
79%
From
78%
Had
78%
Get
77%
Got
77%
Lay
77%
Life
77%
Sun
76%
Then
71%
Come
68%
Is
68%
Shore
68%
That
68%
Your
68%
Even
67%
Romanticize
67%
Anymore
66%
Away
66%
Bird
66%
Gonna
66%
Gotta
66%
Let
66%
Mean
66%
Set
66%
Tornado
66%
Wave
66%
Are
65%
Gravity
65%
Pushing
65%
Swing
65%
Went
65%
Windows
65%
Near
64%
Ultraviolet
64%
Always
63%
Cover
63%
Rusty
63%
Verse 3 Driving
62%
Hometown
62%
Into
62%
Melted
62%
Teeth
62%
Watch
62%
Burnouts
61%
Crashed
61%
Sunset
61%
Country
60%
For
60%
Park
60%
Song
60%
While
60%
After
59%
America
59%
Creation
58%
Fence
58%
First
58%
Lips
58%
Looking
58%
Pair
58%
Talking
58%
Call
57%
Chase
57%
Cracked
57%
Ghost
57%
God
57%
Heater
57%
House
57%
Picket
57%
Rap
57%
Ended
56%
Fear
56%
Friends
56%
Mall
56%
Haunted
55%
Be
54%
Floor
54%
Outlet
54%
Afraid
53%
Along
53%
Myth
52%
Now
52%
Scream
52%
Slot
52%
Alien
51%
Big
51%
Billboard
51%
Bolt
51%
Float
51%
Said
51%
Disappear
50%
Hide
50%
Machines
50%
New
50%
Under
50%
Alone
49%
Find
49%
Lightning
49%
Sound
49%
Spaceship
49%
Hanging
48%
It's
48%
Sirens
48%
We're
48%
Drone
47%
Government
47%
Way
47%
Either
46%
Or
46%
Slaughterhouse
46%
Convinced
44%
Everyone's
44%
Low
44%
Nothing
44%
Was
43%
Yeah
43%
You'll
43%
Over
41%
Coast
40%
Guess
40%
Turned
37%
AHH
28%
No matching quizzes found
Score Distribution
Percent of People with Each Score
Percentile by Number Answered
Your Score History
You have not taken this quiz